Disney Companions Quiz Stats

 Plays Quiz Updated Jan 23, 2020

     
Support Sporcle.
Go Orange.
Score 0/18 Timer 05:00
10 Plays Today
Owner Pet % Correct
LiloStitch
90%
ArielFlounder
84.7%
Jim Dear & DarlingLady
81.4%
AladdinAbu
76.3%
JennyOliver or Georgette
66.2%
JafarIago
60.7%
JasmineRajah
56.6%
The DarlingsNana
52.6%
HerculesPegasus
51.6%
Owner Pet % Correct
PocahontasFlit or Meeko
50.8%
MulanMushu, Cri kee or Little Brother
50.5%
MickeyPluto
44.2%
Lady TremaineLucifer
36.3%
GeppettoCleo or Figaro
27%
Amos SladeCopper or Chief
25.8%
MauricePhilippe
20.9%
MerlinArchimedes
20%
AliceDinah
19.5%

From the Vault

NFL Leaders (2012)

by akabuca96

Sports 10m
The NFL season is officially over, but here's where you can start preparing for next year.
Remove Ads.
Support Sporcle.
Get the best of Sporcle when you Go Orange. This ad-free experience offers more features, more stats, and more fun while also helping to support Sporcle. Thank you for becoming a member.

Show Comments

Extras

Top Quizzes Today


Score Distribution

Your Account Isn't Verified!

In order to create a playlist on Sporcle, you need to verify the email address you used during registration. Go to your Sporcle Settings to finish the process.

Report this User

Report this user for behavior that violates our Community Guidelines.

Details: